| 000 -LEADER |
| fixed length control field |
00646nam a2200205Ia 4500 |
| 001 - CONTROL NUMBER |
| control field |
13934 |
| 003 - CONTROL NUMBER IDENTIFIER |
| control field |
GE_BSU |
| 008 - FIXED-LENGTH DATA ELEMENTS--GENERAL INFORMATION |
| fixed length control field |
181216s||||||||xx |||||||||||||| ||und|| |
| 040 ## - CATALOGING SOURCE |
| Transcribing agency |
GE_BSU |
| 245 ## - TITLE STATEMENT |
| Title |
Дипломатическая служба. №6 2014. |
| 245 ## - TITLE STATEMENT |
| Remainder of title |
Научно-практический журнал |
| 245 ## - TITLE STATEMENT |
| Statement of responsibility, etc. |
гл. ред. Николенко Валерий Дмитриевич. |
| 260 ## - PUBLICATION, DISTRIBUTION, ETC. |
| Place of publication, distribution, etc. |
Москва |
| 260 ## - PUBLICATION, DISTRIBUTION, ETC. |
| Date of publication, distribution, etc. |
2014 |
| 300 ## - PHYSICAL DESCRIPTION |
| Extent |
80стр.29см. |
| 653 ## - INDEX TERM--UNCONTROLLED |
| Uncontrolled term |
Дипломатическая служба. №6 2014. |
| 653 ## - INDEX TERM--UNCONTROLLED |
| Uncontrolled term |
Периодика |
| 653 ## - INDEX TERM--UNCONTROLLED |
| Uncontrolled term |
პერიოდიკა |
| 942 ## - ADDED ENTRY ELEMENTS (KOHA) |
| Koha item type |
პერიოდიკა |